| 000 | 00579nam a2200217Ia 4500 | ||
|---|---|---|---|
| 005 | 20260415173420.0 | ||
| 008 | 008 250505s9999 xx 000 0 hin d | ||
| 020 | _a978-93-83232-21-5 | ||
| 037 | _aTextual | ||
| 040 |
_aFEDL _beng _cFEDL |
||
| 041 |
_ahin _2hin |
||
| 084 |
_a707 MUN _qFEDL |
||
| 100 |
_aMunesh Kumar _9529613 |
||
| 245 | 0 | _aKala shikshan | |
| 260 |
_aDelhi, India _bDoaba House _c2014 |
||
| 300 | _a446p. | ||
| 365 |
_aINR _b290 |
||
| 546 | _aGifted by Nidhi Goel | ||
| 942 |
_cTEXL _h707 MUN |
||
| 999 |
_c1400232 _d1400232 |
||